00526nam a22001457a 4500003000500000038001800005082000800023100002800031245013700059264003500196300002500231650003100256700003600287856005700323NUST aNusrat Nadeem a200 aAkhtar, Muhammad Waseem aSignal Processing Design and Performance Enhancement Techniques for Non-Orthogonal Multiple Access (NOMA)/cMuhammad Waseem Akhtar,  aIslamabad;bSEECS NUST;c2021. a137,p;bill;c30,cm. aPhD-Electrical Engineering aSupervisor: Dr. Syed Ali Hassan uhttp://10.250.8.41:8080/xmlui/handle/123456789/34718